| 000 | 02115nam0a2200385 4500 | ||
|---|---|---|---|
| 001 | RU\NLR\bibl\2045573 | ||
| 005 | 20260407083950.0 | ||
| 010 |
_a978-5-91674-248-0 _9500 |
||
| 021 |
_aRU _b2013-41902 _92897 |
||
| 035 | _a(NLR Aleph) 002032749 | ||
| 035 | _a(nilc)RuMoRGB-006586785 | ||
| 090 |
_a4558429 _c4558429 |
||
| 100 | _a20130527d2013 |||y0rusy50 ca | ||
| 101 | 0 | _arus | |
| 102 | _aRU | ||
| 105 | _aa zzzz||||| | ||
| 200 | 1 |
_aОбразы аграрной России IX-XVIII вв. _eпамяти Натальи Александровны Горской _e[сборник статей] _fРоссийская акад. наук, Отд-ние ист.-филологических наук, Науч. совет по проблемам аграрной истории Восточной Европы, Ин-т славяноведения, Ин-т российской истории _g[редкол.: Е. Н. Швейковская (отв. ред.) и др.] |
|
| 210 |
_aМосква _cИНДРИК _d2013 |
||
| 215 |
_a255 с., [8] л. ил., портр. _cпортр., табл. _d22 |
||
| 320 | _aБиблиогр. в подстроч. примеч. | ||
| 600 | 1 |
_aГорская _bН.А. _f1930 - 2004 _gНаталья Александровна _92152214 _3RU\NLR\auth\661600741 |
|
| 607 |
_aРоссия _jСборники _xИстория _91554184 _3RU\NLR\auth\66979780 |
||
| 686 | _aТ1(2)71-8 | ||
| 686 | _aТ3(2)я43 | ||
| 702 | 1 |
_4340 _8rus _7ca _aШвейковская _bЕ.Н. _f1941- _gЕлена Николаевна _3RU\NLR\auth\7723431 _96484 |
|
| 702 | 1 |
_4570 _8rus _7ca _aГорская _bН. А. _f1930-2004 _gНаталья Александровна _3RU\NLR\auth\7717158 _9248 |
|
| 712 | 0 | 2 |
_4570 _aРоссийская академия наук _bОтделение историко-филологических наук _3RU\NLR\AUTH\8810044917 _9589261 |
| 801 | 0 |
_aRU _bRuMoRKP _c20130527 _gRCR |
|
| 801 | 2 |
_aRU _bРГБ _c20130614 _grcr |
|
| 801 | 1 |
_aRU _bRuMoRKP _c20130527 _2rusmarc |
|
| 801 | 2 |
_aRU _bNLR _c20130620 _grcr |
|
| 942 | _cBOOK | ||
| 980 | _aNBR | ||
| 980 | _aNB | ||